Statistiques concernant Naruto - Mudrâ

Cliquez ici pour prendre le quiz!

Statistiques générales

  • Ce quiz a été pris 81 fois
  • Le résultat moyen est 6 sur 12

Statistiques - réponses

Réponse% Correct
Rat
67%
Chien
57%
Cheval
50%
Sanglier
50%
Tigre
46%
Buffle
44%
Dragon
44%
Serpent
44%
Lièvre
39%
Singe
39%
Chèvre
35%
Coq
35%

Distribution des résultats

Percentile par nombre de réponses

% des personnes avec chaque résultat

Votre développement - résultats

Vous n’avez pas pris ce quiz